| 000 | 02039cam a2200289 i 4500 | ||
|---|---|---|---|
| 003 | SA-RiAUC | ||
| 005 | 20241104150426.0 | ||
| 008 | 241030s2003____xx g 000 0 ara c | ||
| 024 | 0 | _a00000000969214 | |
| 040 |
_aSA-JeALM _bara _cSA-RiAUC _dAE-DuMBRL _erda |
||
| 082 | 0 | 4 |
_a221.131 _qSA-RiAUC |
| 090 |
_a221.131 _bج ا ب |
||
| 100 | 1 |
_aالجابري، سيف بن راشد، _d1960- _eمؤلف. |
|
| 245 | 1 | 0 |
_aأسماء السور القرآنية : _bدلالات وإشارات / _cتأليف الدكتور سيف بن راشد الجابري. |
| 250 | _aالطبعة الاولى. | ||
| 264 | 3 |
_a[مكان النشر غير محدد] : _bنايل بدوي آدم _c2002 |
|
| 300 |
_a564 صفحة ؛ _c24 × 17 سم |
||
| 336 |
_aنص _btxt _2rdacontent _3كتاب |
||
| 337 |
_aبدون وسيط _bn _2rdamedia |
||
| 338 |
_aمجلد _bnc _2rdacarrier |
||
| 520 | _aيتناول كتاب (أسماء السور القرآنية دلالات وإشارات) والذي قام بتأليفه د. سيف بن راشد الجابري، موضوع (أسماء السور القرآنية) هذا كتاب تناول موضوعا جديدا من المواضيع القرآنية التي لم تصادف من يعنى بها، أو يبحث فيها على غاية أهميتها.. وقد فتح الباحث بهذه الرسالة المبتكرة بابا يتسع للكثيرين بعده أن ينهجوا هذا النهج الواعد في إبراز الأسرار والحكم واللطائف في المناسبة، بين اسم السورة ومحتواها، وهو ما فعله الباحث مفتتحا به هذا الباب الواسع الذي سيتبعه آخرون حتى يصبح هذا الباب من علوم القرآن. | ||
| 630 | 2 | 7 |
_aالقرآن _xسور وآيات _2aucut |
| 730 | 2 | 2 | _aالقرآن |
| 942 |
_2ddc _cBOOK _n0 |
||
| 949 |
_aSA-JeALM _d241030 _umohamedma123 _n1 |
||
| 999 |
_c2069 _d2069 |
||